Beliebteste Social Media-Plattformen in Deutschland - Statistiken

Allgemein
  • Dieses Quiz wurde 93 mal gespielt
  • Das Durchschnittsergebnis liegt bei 7 aus 15
Antwortstatistiken
% Plattform % Korrekt
62,8 Instagram
100%
59,7 Facebook
93%
39,4 TikTok
91%
85,1 WhatsApp
87%
21,6 Snapchat
82%
18,4 X
79%
23,7 Telegram
62%
11,9 Reddit
31%
11,6 Signal
29%
31,4 Pinterest
22%
35,5 Messenger
19%
11,2 Discord
15%
17,5 LinkedIn
15%
12,9 Xing
7%
15,8 iMessage
5%
Keine übereinstimmenden Quizze gefunden
Verteilung der Resultate
Anzahl Personen mit jedem Resultat
Perzentil nach korrekt beantworteten Fragen
Ihre Resultats-Entwicklung
Sie haben dieses Quiz noch nicht gespielt